Movies Quiz

Random Movies or Oscar Quiz

Oscar nominations for Greer Garson Quiz Stats

 Plays Quiz not verified by Sporcle

Challenge
Share
Tweet
Embed
Score 0/7 Timer 03:00
0 Plays Today
Year Film % Correct
1939Goodbye, Mr. Chips
92.5%
1942Mrs. Miniver
92.5%
1960Sunrise at Campobello
85%
1943Madame Curie
77.5%
1944Mrs. Parkington
72.5%
1941Blossoms in the Dust
62.5%
1945The Valley of Decision
50%

You're not logged in!

Compare scores with friends on all Sporcle quizzes.
OR
Log In

You Might Also Like...

Show Comments

Extras

Top Quizzes Today


Score Distribution

Your Account Isn't Verified!

In order to create a playlist on Sporcle, you need to verify the email address you used during registration. Go to your Sporcle Settings to finish the process.

Report this User

Report this user for behavior that violates our Community Guidelines.

Details: